01527nam a2200313 a 450000100100000000500170001000800410002704000250006804100390009308200130013210000270014524000430017224501110021526001090032630000210043549000360045653400630049270000490055570000410060470000470064570000460069270000430073883000430078104900090082495201170083395201230095095201230107399900170119600002505820200930023533.0110209s1972 mx r 000 0 spa d aDO-SdBNPbspacBNPHU17aspaheng2Código de idiomas MARC ann*bnn*1 aEraut, Michael.95141110aFundamentals of arithmetic.lEspañol10aFundamentos de aritmética /cMichael Eraut ; traducción de Antonio Abaunza de la Escosura... [et al.]. aMéxico, D. F. :bCentro Regional de Ayuda Técnica. Agencias para el Desarrollo Internacional,c1972. a527 p. ;c23 cm.1 aSerie Básica de Matemáticas aTítulo de la obra original :tFundamentals of arithmetic1 aAbaunza de la Escosura, Antonio,etr.9514121 aCalvo Arjona, José B.,etr.9514131 aFrontana de la Cruz, Bernardo,etr.9514141 aGarcía Altamirano, Gabriel,etr.9514151 aRojas de Bengardi, Arturo,etr.951416 0aSerie Básica de Matemáticas951417 aBNGR 001054708MOaGRbGRcCTd2011-02-09iLF1l0onn* nn*p25058-10r2020-06-25w2020-06-25y4ZPréstamo en sala 001054728MOaGRbGRcCTd2011-02-09iLF1l0onn* nn*p25058-20r2020-06-25te. 2w2020-06-25y4ZPréstamo en sala 001054708MOaGRbGRcCTd2011-02-09iLF1l0onn* nn*p25058-30r2020-06-25te. 3w2020-06-25y4ZPréstamo en sala c24551d24551